00994nam a2200241Ia 450000100060000000300090000600800410001504000130005604000130006904100130008210000140009510000290010924500820013824500820022025000110030226000090031326000250032226000490034730000410039650002470043765000370068465000310072134473IT-RoPAU130308s9999 xx 000 0 und d aIT-RoPAU cIT-RoPAU aITALIANO aPaolo VI  gCodice Aut. SPICS: 2894 aInter mirifica-Decreto conciliare sugli strumenti della comunicazione sociale bInter Mirifica-Decreto conciliare Sugli Strumenti della Comunicazione Sociale a1a ed. aROMA bEdizioni Paoline Fsp c1966 [1° Ed.:1966 - Ed.Ling.Originale:1963] a"16 p. (prefazione: no ; testo: 16)" aDecreto conciliare testo in Italiano legge Morale Diritto All'Informazionearte e Morale Opinione Pubblica doveri Iniziative Formazione sussidi giornata delle comunicazioni Sociali Uffici e Associazioni della Chiesa nazionali e Internazionali aTESTI DI DOCUMENTI ECCLESIASTICI eCodice materia Spics: 9101